000834987 001__ 834987 000834987 005__ 20260331101725.0 000834987 0247_ $$2ISSN$$a1474-6670 000834987 0247_ $$2ISSN$$a2405-8963 000834987 0247_ $$2ISSN$$a2405-8971 000834987 0247_ $$2ISSN$$a2589-3653 000834987 0247_ $$2doi$$a10.1016/j.ifacol.2021.10.023 000834987 0247_ $$2datacite_doi$$a10.18154/RWTH-2021-10204 000834987 0247_ $$2WOS$$aWOS:000712538400023 000834987 0247_ $$2SCOPUS$$aSCOPUS:2-s2.0-85120656519 000834987 037__ $$aRWTH-2021-10204 000834987 041__ $$aEnglish 000834987 082__ $$a600 000834987 1001_ $$0P:(DE-82)IDM05698$$aFonck, Simon$$b0$$eCorresponding author$$urwth 000834987 1112_ $$a4. IFAC Conference on Embedded Systems, Computational Intelligence and Telematics in Control$$cValenciennes$$d2021-07-05 - 2021-07-07$$gCESCIT 2021$$wFrance 000834987 245__ $$aAlgorithmic distinction of ARDS and Heart Failure in ICU data from medical embedded systems by using a computer model$$honline 000834987 260__ $$aFrankfurt ; München [u.a.]$$bElsevier$$c2021 000834987 3367_ $$00$$2EndNote$$aJournal Article 000834987 3367_ $$0PUB:(DE-HGF)16$$2PUB:(DE-HGF)$$aJournal Article$$bjournal$$mjournal 000834987 3367_ $$0PUB:(DE-HGF)8$$2PUB:(DE-HGF)$$aContribution to a conference proceedings 000834987 3367_ $$2BibTeX$$aARTICLE 000834987 3367_ $$2DRIVER$$aarticle 000834987 3367_ $$2DataCite$$aOutput Types/Journal article 000834987 3367_ $$2ORCID$$aJOURNAL_ARTICLE 000834987 500__ $$aHybride Konferenz 000834987 536__ $$0G:(DE-82)BMBF-01ZZ1803K$$aSMITH - Medizininformatik-Konsortium (BMBF-01ZZ1803K)$$cBMBF-01ZZ1803K$$x0 000834987 536__ $$0G:(BMBF)01ZZ1803M$$aSMITH - Medizininformatik-Konsortium - Beitrag Forschungszentrum Jülich (01ZZ1803M)$$c01ZZ1803M$$x1 000834987 588__ $$aDataset connected to CrossRef, Journals: publications.rwth-aachen.de 000834987 591__ $$aGermany 000834987 653_7 $$aARDS 000834987 653_7 $$aClassification 000834987 653_7 $$aComputer model 000834987 653_7 $$aDiagnostic inference 000834987 653_7 $$aMedical applications 000834987 653_7 $$aModeling 000834987 653_7 $$aSimulation 000834987 7001_ $$0P:(DE-82)685743$$aFritsch, Sebastian Johannes$$b1$$urwth 000834987 7001_ $$0P:(DE-82)IDM06137$$aKowalewski, Stefan$$b2$$urwth 000834987 7001_ $$aHensen, Raimund$$b3$$urwth 000834987 7001_ $$0P:(DE-82)IDM01350$$aStollenwerk, André$$b4$$urwth 000834987 770__ $$a4th IFAC Conference on Embedded Systems, Computational Intelligence and Telematics in Control CESCIT 2021 Valenciennes, France, 5-7 July 2021 / Edited by Ajith Abraham 000834987 773__ $$0PERI:(DE-600)2839185-8$$a10.1016/j.ifacol.2021.10.023$$n4$$p135-140$$tIFAC-PapersOnLine$$v54$$x2405-8963$$y2021 000834987 8564_ $$uhttps://publications.rwth-aachen.de/record/834987/files/834987.pdf$$yOpenAccess 000834987 909CO $$ooai:publications.rwth-aachen.de:834987$$pdnbdelivery$$pdriver$$pVDB$$popen_access$$popenaire 000834987 9101_ $$0I:(DE-588b)36225-6$$6P:(DE-82)IDM05698$$aRWTH Aachen$$b0$$kRWTH 000834987 9101_ $$0I:(DE-588b)36225-6$$6P:(DE-82)685743$$aRWTH Aachen$$b1$$kRWTH 000834987 9101_ $$0I:(DE-588b)36225-6$$6P:(DE-82)000779$$aRWTH Aachen$$b2$$kRWTH 000834987 9101_ $$0I:(DE-588b)36225-6$$6P:(DE-82)IDM01350$$aRWTH Aachen$$b4$$kRWTH 000834987 9141_ $$y2021 000834987 9151_ $$0StatID:(DE-HGF)0031$$2StatID$$aPeer reviewed article$$x0 000834987 915__ $$0StatID:(DE-HGF)0200$$2StatID$$aDBCoverage$$bSCOPUS$$d2020-08-27 000834987 915__ $$0StatID:(DE-HGF)0510$$2StatID$$aOpenAccess 000834987 915__ $$0LIC:(DE-HGF)CCBYNCND4$$2HGFVOC$$aCreative Commons Attribution-NonCommercial-NoDerivs CC BY-NC-ND 4.0 000834987 9201_ $$0I:(DE-82)122810_20140620$$k122810$$lLehrstuhl für Informatik 11 (Embedded Software)$$x0 000834987 9201_ $$0I:(DE-82)120000_20140620$$k120000$$lFachgruppe Informatik$$x1 000834987 9201_ $$0I:(DE-82)533000-2_20140620$$k533000-2$$lKlinik für Operative Intensiv Erwachsene (und frühere IMC-1)$$x2 000834987 9201_ $$0I:(DE-82)533000-2_20140620$$k533000-2$$lKlinik und Lehrstuhl für Anästhesiologie$$x3 000834987 961__ $$c2021-11-04T15:15:37.802471$$x2021-11-04T15:15:37.802471$$z2021-11-08 000834987 9801_ $$aFullTexts 000834987 980__ $$aI:(DE-82)120000_20140620 000834987 980__ $$aI:(DE-82)122810_20140620 000834987 980__ $$aI:(DE-82)533000-2_20140620 000834987 980__ $$aI:(DE-82)533000-2_20140620 000834987 980__ $$aUNRESTRICTED 000834987 980__ $$aVDB 000834987 980__ $$acontrib 000834987 980__ $$ajournal